La libertad de cultos / (Record no. 164540)

MARC details
000 -LEADER
campo de control de longitud fija 00591nam a22001815i 4500
001 - NÚMERO DE CONTROL
campo de control 164540
003 - IDENTIFICADOR DE NÚMERO DE CONTROL
campo de control ES-MaACL
005 - FECHA Y HORA DE LA ÚLTIMA TRANSACCIÓN
campo de control 20231229063050.0
008 - DATOS DE LONGITUD FIJA--INFORMACIÓN GENERAL
campo de control de longitud fija 011211s1868 sp |||| | spa d
080 ## - NÚMERO DE LA CLASIFICACIÓN DECIMAL UNIVERSAL
Número de la Clasificación Decimal Universal 342.731
100 1# - ENTRADA PRINCIPAL--NOMBRE DE PERSONA
Nombre de persona Sánchez, Miguel,
Fechas asociadas al nombre 1833-1889
9 (RLIN) 102411
245 13 - MENCIÓN DEL TÍTULO
Título La libertad de cultos /
Mención de responsabilidad, etc. por Miguel Sánchez.
260 ## - PUBLICACIÓN, DISTRIBUCIÓN, ETC.
Lugar de publicación, distribución, etc. Madrid :
Nombre del editor, distribuidor, etc. [s.n.],
Fecha de publicación, distribución, etc. 1868 (
Fabricante imp. de Anastasio Moreno)
300 ## - DESCRIPCIÓN FÍSICA
Extensión 32 p. ;
Dimensiones 21 cm.
650 #4 - PUNTO DE ACCESO ADICIONAL DE MATERIA--TÉRMINO DE MATERIA
Término de materia o nombre geográfico como elemento de entrada Libertad religiosa.
9 (RLIN) 14416
852 4# - LOCALIZACIÓN
Ubicación ES-MaACL
Número de control de estantería T-91-F-9
Nota libre - Enc. hol.
-- - Enc. en un vol. facticio
Holdings
Estatus retirado Estado de pérdida Estado de daño No para préstamo Colección Biblioteca de origen Biblioteca actual Ubicación en estantería Fecha de adquisición Total de préstamos Signatura topográfica completa Código de barras Visto por última vez Precio de reemplazo Tipo de ítem Koha
        Colección de folletos Biblioteca del Ateneo de Madrid Biblioteca del Ateneo de Madrid Depósito folletos 17/01/2008   T-91-F-9 1172477 23/02/2023 23/02/2023 Folleto